Loading...
The history of doing : an illustrated account of movements for women's rights and feminism in India, 1800-1990
| Main Author: | |
|---|---|
| Other Authors: | |
| Format: | Printed Book |
| Published: |
NEW DELHI
ZUBAN
1993
|
| LEADER | 00547nam a2200133 4500 | ||
|---|---|---|---|
| 999 | |c 77962 |d 77962 | ||
| 082 | |a 305.420954 |b KUM | ||
| 100 | |a Kumar, Radha | ||
| 245 | |a The history of doing : an illustrated account of movements for women's rights and feminism in India, 1800-1990 | ||
| 260 | |a NEW DELHI |b ZUBAN |c 1993 | ||
| 300 | |a VIII+ 203 pages : illustrations ; 28 cm | ||
| 700 | |a Kali for Women (Organization) | ||
| 942 | |c BK | ||
| 952 | |0 0 |1 0 |4 0 |6 305_420954000000000_KUM |7 0 |9 91410 |a ENG |b ENG |d 2019-02-04 |l 0 |o 305.420954 KUM |p ENG14378 |r 2019-02-04 |w 2019-02-04 |y BK | ||